GREENER forests

Bibliographic Details
Format: Book
Published: Sweden : The National Board of Forestry , 1999
Subjects:

MARC

LEADER 00000cam a2200000 7i4500
001 0000001939
005 20020522.0
020 0 0 |a 9188462412 
090 0 0 |a 333.75   |b GRE 1999 
245 0 0 |a GREENER forests 
260 0 0 |a Sweden :   |b The National Board of Forestry ,   |c 1999 
300 |a 208 p. :   |b col. ill., maps ;   |c 28 cm. 
650 0 0 |a Forest ecology 
650 0 0 |a Forest management 
650 0 0 |a Forests and forestry 
998 |a JPSM 
999 |a 0000003188   |b Monograph   |c Open Shelf   |e Default branch 
999 |a 0000003938   |b Monograph   |c Open Shelf   |e Default branch